¿Una crisis en el mundo de los papiros? (Record no. 619120)
[ view plain ]
| 000 -CABECERA | |
|---|---|
| Campo de control de longitud fija | 00449nab a2200145Ia 4500 |
| 003 - IDENTIFICADOR DEL NÚMERO DE CONTROL | |
| Campo de control | ES-SlBCS |
| 005 - FECHA Y HORA DE LA ÚLTIMA TRANSACCIÓN | |
| Campo de control | 20240924162708.0 |
| 008 - CÓDIGOS DE INFORMACIÓN DE LONGITUD FIJA | |
| Campo de control de longitud fija | 140529s1956 xxu||||| |||| 00| 0 spa d |
| 041 ## - CÓDIGO DE LENGUA | |
| Código de lengua del texto/banda sonora o título independiente | spa |
| 100 1# - PUNTO DE ACCESO PRINCIPAL-NOMBRE DE PERSONA | |
| Nombre de persona | Fernández Galiano, Manuel |
| Fechas asociadas al nombre | (1918-1988) |
| 9 (RLIN) | 94339 |
| 245 00 - MENCIÓN DE TÍTULO | |
| Título | ¿Una crisis en el mundo de los papiros? |
| Mención de responsabilidad, etc. | Manuel Fernández-Galiano |
| 650 04 - PUNTO DE ACCESO ADICIONAL DE MATERIA-TÉRMINO DE MATERIA | |
| Término de materia o nombre geográfico como elemento inicial | Papiros |
| 9 (RLIN) | 140155 |
| 773 0# - ENLACE AL DOCUMENTO FUENTE | |
| Título | Arbor |
| Parte(s) relacionada(s) | vol. 35, nº. 131, 1956, págs. 281-289 |
| Número de control del registro relacionado | Rev54 |
| 942 ## - ENTRADA DE ELEMENTOS AGREGADOS (KOHA) | |
| Koha [por defecto] tipo de item | Artículos de revista |
| Suprimido | Perdido | Estropeado | No para préstamo | Localización permanente | Localización actual | Localización en estantería | Fecha adquisición | Préstamos totales | Fecha última consulta | Fecha del precio de reemplazo | Tipo de item de Koha |
|---|---|---|---|---|---|---|---|---|---|---|---|
| San Esteban | San Esteban | Depósito de revistas | 11/07/2014 | 11/07/2014 | 11/07/2014 | Artículos de revista |
